Central Library OPAC University of Rajshahi

The Deputy from Arcis / (Record no. 86511)

MARC details
000 -LEADER
fixed length control field 00622nam a2200229 a 4500
001 - CONTROL NUMBER
control field 86511
003 - CONTROL NUMBER IDENTIFIER
rucl marc code BD-RjUL
005 - DATE AND TIME OF LATEST TRANSACTION
control field 20260519103618.0
008 - FIXED-LENGTH DATA ELEMENTS--GENERAL INFORMATION
fixed length control field 260519s1898 enk||||| |||| 00| 0 eng d
035 ## - SYSTEM CONTROL NUMBER
System control number (BD-RjUL)86511
040 ## - CATALOGING SOURCE
Original cataloging agency BD-RjUL
Language of cataloging eng
Transcribing agency BD-RjUL
041 ## - LANGUAGE CODE
Language code of text/sound track or separate title eng
082 ## - DEWEY DECIMAL CLASSIFICATION NUMBER
Edition number 23
Classification number 843.7
Author mark and year BAD 1898
100 ## - MAIN ENTRY--PERSONAL NAME
Personal name Balzac, Honoré de,
Dates associated with a name 1799-1850
9 (RLIN) 18519
245 ## - TITLE STATEMENT
Title The Deputy from Arcis /
Statement of responsibility, etc. Honoré de Balzac,
250 ## - EDITION STATEMENT
Edition statement Caxton ed.
260 ## - PUBLICATION, DISTRIBUTION, ETC. (IMPRINT)
Place of publication, distribution, etc. London :
Name of publisher, distributor, etc. Caxton Publishing,
Date of publication, distribution, etc. 1898
300 ## - PHYSICAL DESCRIPTION
Pagination v. ;
Size 21 cm.
505 01 - FORMATTED CONTENTS NOTE
Formatted contents note Vol. 1--Vol. 2--
650 ## - SUBJECT ADDED ENTRY--TOPICAL TERM
Topical term or geographic name as entry element French fiction
9 (RLIN) 18499
942 ## - ADDED ENTRY ELEMENTS (KOHA)
Source of classification or shelving scheme Dewey Decimal Classification
Koha item type Books
Holdings
Lost status Source of classification or shelving scheme Damaged status Not for loan Collection code Permanent Location Current Location Shelving location Date acquired Source of acquisition Cost, normal purchase price Total Checkouts Full call number Date last seen Copy number Koha item type
  Dewey Decimal Classification   Not For Loan Fiction Central Library, University of Rajshahi Central Library, University of Rajshahi Reading Room 20/11/1956 B.H. Black Well 10.10   843.7 BAD V-2 1898 19/05/2026 C-1 Books
  Dewey Decimal Classification   Not For Loan Fiction Central Library, University of Rajshahi Central Library, University of Rajshahi Reading Room 20/11/1956 B.H. Black Well 10.10   843.7 BAD V-1 1898 19/05/2026 C-1 Books